Statistiques concernant Culture Générale - Série 364

Cliquez ici pour prendre le quiz!

Statistiques générales

  • Ce quiz a été pris 86 fois
  • Le résultat moyen est 7 sur 10

Statistiques - réponses

QuestionRéponse% Correct
Selon le titre d'un film de Stanley Kubrick, quel fruit est "mécanique" ?L'orange
100%
Quelle ville française a pour devise : "Fluctuat nec mergitur" ?Paris
90%
Quel artiste a peint la série des "Nymphéas" à Giverny ?Claude Monet
76%
Quel est le prénom du peintre surréaliste belge Magritte ?René
73%
Dans quelle série de bande dessinée croise-t-on les dénommés Phil Defer et Billy The Kid ?Lucky Luke
73%
De quelle célèbre trilogie policière suédoise le journaliste Mikael Blomkvist est-il le héros ?Millénium
58%
Quel écrivain a reçu le prix Goncourt en 1984 pour son roman intitulé "L'Amant" ?Marguerite Duras
53%
Quel cinéaste américain a réalisé la trilogie baptisée "Le Parrain" ?Francis Ford Coppola
53%
Dans "L'Age de glace 3", quel humoriste prête sa voix à "Sid" ?Elie Semoun
40%
Quel humoriste piégeait des célébrités en réalisant de fausses interviews sous le nom de Hugues Delatte ?Raphaël Mezrahi
36%

Distribution des résultats

Percentile par nombre de réponses

% des personnes avec chaque résultat

Votre développement - résultats

Vous n’avez pas pris ce quiz